| 000 -LEADER |
| fixed length control field |
01027nam a22002177a 4500 |
| 001 - CONTROL NUMBER |
| control field |
10781 |
| 003 - CONTROL NUMBER IDENTIFIER |
| control field |
BD-DhUAP |
| 005 - DATE AND TIME OF LATEST TRANSACTION |
| control field |
20201115142742.0 |
| 008 - FIXED-LENGTH DATA ELEMENTS--GENERAL INFORMATION |
| fixed length control field |
201115s2007 bg a b 001 0 ben d |
| 020 ## - INTERNATIONAL STANDARD BOOK NUMBER |
| International Standard Book Number |
9840802216 |
| 040 ## - CATALOGING SOURCE |
| Original cataloging agency |
DLC |
| Transcribing agency |
DLC |
| Language of cataloging |
Ben |
| Modifying agency |
BD-DhUAP |
| 082 00 - DEWEY DECIMAL CLASSIFICATION NUMBER |
| Edition number |
23 |
| Classification number |
362.1109 AHM |
| 100 ## - MAIN ENTRY--PERSONAL NAME |
| Personal name |
আহমেদ, শরীফ উদ্দিন। |
| 245 10 - TITLE STATEMENT |
| Title |
মিটফোর্ড হাসপাতাল ও ঢাকা মেডিকেল স্কুল : |
| Remainder of title |
ইতিহাস ও ঐতিহ্য (১৮৫৮-১৯৪৭) / |
| Statement of responsibility, etc. |
শরীফ উদ্দিন আহমেদ। |
| 260 ## - PUBLICATION, DISTRIBUTION, ETC. |
| Place of publication, distribution, etc. |
ঢাকা : |
| Name of publisher, distributor, etc. |
একাডেমিক প্রেস এন্ড পাবলিশার্স লিমিটেড, |
| Date of publication, distribution, etc. |
c২০০৭। |
| 300 ## - PHYSICAL DESCRIPTION |
| Extent |
[১০], ৪৭৬ পৃষ্ঠা : |
| Other physical details |
চিত্র ; |
| Dimensions |
২২ সেমি.। |
| 500 ## - GENERAL NOTE |
| General note |
নির্ঘণ্ট সম্বলিত। |
| 650 #0 - SUBJECT ADDED ENTRY--TOPICAL TERM |
| Topical term or geographic name entry element |
Hospitals |
| Form subdivision |
History. |
| 942 ## - ADDED ENTRY ELEMENTS (KOHA) |
| Source of classification or shelving scheme |
|
| Koha item type |
Book |